000 00524nam a2200181Ia 4500
999 _c23296
_d23296
003 OSt
005 20200210130405.0
008 190216s9999||||xx |||||||||||||| ||und||
020 _a9788182713765
040 _coclc
082 _a320
_bHUS/I
100 _aHussain, N M
_91915
245 0 _aIranum Pashchathya Anava Rashtreeyavum /
_cN M Hussain
260 _bIslamic Publishing House,
_c2008.
_aKozhokode:
300 _a58p
650 _aIslamic History
942 _cBK
_2ddc
_h320
_iHUS/I
_k320
_mHUS/I